00988ncm a22002295a 4500001001100000005001700011008004100028080002000069100004100089245010100130254002300231260004400254300006600298490005600364500001800420500011600438500002600554650003100580852001100611952011900622999001700741C00057515c20241029150436.0071105s1891 ddrmtb n 1 ger d a785.74:787.1/.31 aSchumann, Robert (d1810-1856)9845710aQuartett nº 3 A-dur, op. 41 b: für 2 Violinen, Viola und Violoncell / cvon Robert Schumann. a[Kleine Partitur]. aLeipzig : bErnst Eulenburg, c[d.1891] aPartitura (32 p.) ; c19 cm + eFolleto propaganda editorial.0 aPayne's kleine Partitur Ausgabe. Kammermusik ; v76 aN. pl.: 1176. aFecha de publicación tomada de "The new Grove dictionary of music and musicians", vol. 6, Stanley Sadie 1980. aLegado Pérez Casas.14aCuartetos de Cuerda.967384 jM-2396 001040708MUSICAaRABASFbRABASFcDP1d2007-11-05eDl0oM-2396p1060757r2024-10-15 09:45:20w2024-10-15yPARTA c54396d54396